[Event "AUTO-OPEN-4615"]
[Site "http://www.queenalice.com/game.php?id=1866843"]
[Date "2025.12.9"]
[Round "2"]
[White "WoodpusherKid"]
[Black "delphicoracle"]
[Result "1/2-1/2"]
[WhiteElo "2681"]
[BlackElo "2673"]

1. c4 g6 2. d4 Nf6 3. Nf3 Bg7 4. Nc3 d5 5. Qb3 dxc4 6. Qxc4 O-O 7. Bf4 c6 8. e4
Qa5 9. b4 Qd8 10. a4 Bg4 11. Be2 Nfd7 12. Rd1 Bxf3 13. Bxf3 e5 14. dxe5 Qe7 15.
Be2 Nxe5 16. Qb3 Na6 17. Na2 Nc7 18. O-O Rfe8 19. h3 Rad8 20. a5 Ne6 21. Be3 c5
22. Nc3 Nc6 23. Nd5 Qf8 24. b5 Nxa5 25. Qa3 b6 26. Qa2 Nd4 27. Bd3 Rc8 28. f4 c4
29. e5 Nxb5 30. Be4 Nc7 31. Kh1 Red8 32. f5 Bxe5 33. Bg5 Nxd5 34. Bxd5 Rd7 35.
Qe2 Qe8 36. Qf3 c3 37. Rde1 c2 38. fxg6 hxg6 39. Rxe5 Qxe5 40. Bxf7+ Kh7 41.
Bxg6+ Kxg6 42. Qg4 Rc4 43. Bf4+ Kh7 44. Qxd7+ Qg7 45. Qd2 Qf6 46. Qd3+ Qg6 47.
Qd7+ Qg7 48. Qd2 Qf6 49. Qd3+ Qg6 50. Qd7+ Qg7 1/2-1/2

[Event "AUTO-OPEN-4589"]
[Site "http://www.queenalice.com/game.php?id=1867517"]
[Date "2026.1.2"]
[Round "3"]
[White "delphicoracle"]
[Black "JailtonMaster"]
[Result "1-0"]
[WhiteElo "2672"]
[BlackElo "2245"]

1. e4 e5 2. Nf3 Nc6 3. Nc3 Nf6 4. g3 Bc5 5. Bg2 d6 6. d3 Bg4 7. h3 Bh5 8. Na4
Bb6 9. O-O Nd4 10. Nxb6 axb6 11. g4 Nxf3+ 12. Qxf3 Bg6 13. a3 h6 14. Qg3 O-O 15.
f4 exf4 16. Bxf4 Nd7 17. d4 Re8 18. Rae1 Nf8 19. c3 Ne6 20. Bd2 Ng5 21. Rf4 Qe7
22. h4 Ne6 23. Rf2 f6 24. g5 hxg5 25. hxg5 fxg5 26. d5 Nc5 27. Bxg5 Qe5 28. Bf4
Qh5 29. Bf3 Qh7 30. Rh2 1-0

[Event "AUTO-OPEN-4633"]
[Site "http://www.queenalice.com/game.php?id=1867794"]
[Date "2026.1.9"]
[Round "1"]
[White "delphicoracle"]
[Black "IranSilva"]
[Result "1-0"]
[WhiteElo "2668"]
[BlackElo "2232"]

1. e4 e5 2. Bc4 Nf6 3. d3 Bc5 4. Nf3 d6 5. c3 Nc6 6. O-O h6 7. h3 O-O 8. Re1 Re8
9. Nbd2 Be6 10. Bb3 a5 11. Ba4 Rb8 12. Bb5 Bd7 13. Nf1 Ne7 14. Bxd7 Qxd7 15. Ng3
Ng6 16. d4 exd4 17. cxd4 Bb6 18. Bd2 h5 19. Qc2 c5 20. e5 dxe5 21. dxe5 Nd5 22.
Rad1 Qc6 23. Nxh5 Re6 24. Ng5 Re7 25. e6 1-0

[Event "AUTO-OPEN-4564"]
[Site "http://www.queenalice.com/game.php?id=1867927"]
[Date "2026.1.14"]
[Round "3"]
[White "delphicoracle"]
[Black "pizzaiolo72"]
[Result "1-0"]
[WhiteElo "2667"]
[BlackElo "2146"]

1. d4 d5 2. Nf3 Nf6 3. e3 e6 4. Bd3 c5 5. b3 Nc6 6. Bb2 Be7 7. O-O O-O 8. Nbd2
Qc7 9. dxc5 Ng4 10. h3 Bf6 11. Bd4 Nge5 12. Nxe5 Bxe5 13. Qh5 g6 14. Qh4 Bxd4
15. exd4 e5 16. dxe5 Qxe5 17. Nf3 Qc3 18. Qh6 Qg7 19. Qxg7+ Kxg7 20. Rfe1 Be6
21. c3 b6 22. Ba6 Nd8 23. cxb6 axb6 24. Bb5 Ra3 25. Nd4 Bc8 26. Ba4 Rxa4 27.
bxa4 Ne6 28. Rab1 Nxd4 29. cxd4 Bd7 30. Rxb6 Bxa4 31. Rd6 Ra8 32. Rxd5 Bc6 33.
Rc5 Bd7 34. Re2 1-0